000
00195 a2200097 4500
001
5943
100
_a
Widder,DV
245
_a
Laplas Transforms
260
_a
_b
Princeton
_c
090
_c
4851
_d
4851
942
_a
NUST-CAE
_c
M
_c
31213
999
_c
241016
_d
241016